000 00235nam a2200097Ia 4500
001 881560
005 20250826182642.0
008 250824s9999 xx 000 0 und d
245 0 _aOSMAN GAZİ
_cMUSTAFA AKGÜN
260 _bPANAMA YAYINLARI
999 _c881560
_d881560